A companion to shakespeare sonnets (Record no. 2188)

MARC details
000 -LEADER
fixed length control field 00439 a2200169 4500
001 - CONTROL NUMBER
control field 068532
003 - CONTROL NUMBER IDENTIFIER
control field OSt
005 - DATE AND TIME OF LATEST TRANSACTION
control field 20220218172241.0
008 - FIXED-LENGTH DATA ELEMENTS--GENERAL INFORMATION
fixed length control field
082 ## - DEWEY DECIMAL CLASSIFICATION NUMBER
Classification number 821.23
Item number C73C
245 1# - TITLE STATEMENT
Title A companion to shakespeare sonnets
Statement of responsibility, etc edited by Michael Schoenfeldt
260 ## - PUBLICATION, DISTRIBUTION, ETC. (IMPRINT)
Place of publication, distribution, etc USA
Name of publisher, distributor, etc Wiley Blackwell
Date of publication, distribution, etc 2010
300 ## - PHYSICAL DESCRIPTION
Extent 521p.
653 ## - INDEX TERM--UNCONTROLLED
Uncontrolled term English
700 ## - ADDED ENTRY--PERSONAL NAME
Personal name Schoenfeldt, Michael
Relator term Editor
942 ## - ADDED ENTRY ELEMENTS (KOHA)
Source of classification or shelving scheme Dewey Decimal Classification
Koha item type Books
Holdings
Withdrawn status Lost status Source of classification or shelving scheme Damaged status Not for loan Collection code Home library Current library Date acquired Source of acquisition Cost, normal purchase price Total Checkouts Full call number Barcode Date last seen Price effective from Koha item type
    Dewey Decimal Classification     General Text Book Central University Of Rajasthan Central University Of Rajasthan 07/03/2012 ENG 2286.00   821.23 C73C 2819 21/11/2024 02/09/2020 Books